000 00451nam a2200181Ia 4500
008 100917s9999 xx 000 0 und d
082 _b57339
100 _aकदम बाबा
245 _aभालू
260 _bचं. शेट्ये मं.
_c1979
300 _a216
365 _b25
520 _aकादंबरी
630 _aभालू
650 _aकादंबरी
730 _aभालू
942 _cBOOK
999 _c662733
_d662730